01017nam a2200169Ia 4500001001300000003001000013008004100023040002500064041000700089100001900096245002800115250001100143260005000154300001200204500059400216650003700810a1555-39763 IT-MiCISF161014s9999||||xx |||||||||||||| ||und|| aIT-MiCISFcIT-MiCISF ait aSullivan Karen 0aBambini sotto pressione a1a ed. a MilanobTeac2003 [Edizione originale: 2002] app. 280 a / infanzia, stress, famiglia, salute, cura / Nell'ultimo decennio il "mestiere di bambino" è cambiato e si è trasformato in una sequenza rigorosa di attività obbligatorie e impegnative, che alla lunga possono minacciare la salute emotiva e fisica dei ragazzi. Sottoposti a forti pressioni, sperimentano spesso i disturbi tipici dello stress degli adulti (depressione, ansia, disordini alimentari). Il volume indaga i motivi di tale cambiamento, affronta i problemi che affliggono i piccoli e offre consigli su ciò che serve per farli diventare adulti sani ed emotivamente stabili. a Infanzia / età-evolutivae008